Critique de la pensée juridique moderne. (douze autres essais)

שמור ב:
מידע ביבליוגרפי
מחבר ראשי: Villey, Michel (autor)
פורמט: ספר
יצא לאור: París, Francia: Dalloz, 1976.
נושאים:
תגים: הוספת תג
אין תגיות, היה/י הראשונ/ה לתייג את הרשומה!

MARC

LEADER 00000nam a22000007a 4500
003 CL-VaPUC
005 20220822114616.0
008 220713t1976 ||||| |||| 00| 0 eng d
999 |c 436982  |d 436980 
040 |c Pontificia Universidad Católica de Valparaíso 
082 |2 22  |a 340.1 VIL 1976 
100 1 |a Villey, Michel  |e autor  |9 872796 
245 |a Critique de la pensée juridique moderne.  |b  (douze autres essais) 
260 |a París, Francia:  |b Dalloz,  |c 1976. 
300 |a 274 páginas 
490 |n Philosophie du droit.  |v  16 
500 |a c.1 Donación Familia Prof. Alejandro Guzmán Brito. 
583 |c 20220713  |k Carolina Mena Serrano 
650 |a Filosofía del derecho  |x Ensayos  |x Historia del derecho  |9 872797 
942 |2 ddc  |c BK  |n 0 
952 |0 0  |1 0  |2 ddc  |4 0  |6 340_100000000000000_VIL_1976  |7 0  |8 C_AGB  |9 584717  |a BIBDER  |b BIBDER  |d 2022-07-13  |e Donación  |i 5652166  |l 1  |o 340.1 VIL 1976  |p 5652166  |r 2024-09-16  |s 2024-09-16  |t 1  |w 2022-07-13  |y BK_US  |k AGB